Multi-Category Science Blitz Quiz Stats

 Plays Quiz Updated Sep 5, 2018

Score 0/30 Timer 04:00
3 Plays Today
Hint Answer % Correct
Begins with PProton
96.2%
Begins with PPhotosynthesis
95.6%
Four Letter ScienceNeon
92.6%
Begins with PPlankton
89.5%
Four Letter ScienceMars
89.2%
Begins with PPhysics
88.6%
Four Letter ScienceCore
88.3%
Elements, My Dear SporclerPotassium
88.2%
Four Letter ScienceMass
84.7%
Elements, My Dear SporclerGold
83.4%
Elements, My Dear SporclerMercury
81.1%
Learned in a Math ClassroomObtuse
77.6%
Learned in a Math ClassroomTriangle
77.1%
Classic BiomesDesert
74%
Begins with PPhylum
71.7%
Hint Answer % Correct
Name that BoneMandible
70.7%
Name that BoneClavicle
69.4%
Name that BoneSternum
66.7%
Name that BoneHumerus
65.2%
Name that BoneIncus/Anvil
63.9%
Learned in a Math ClassroomPythagoras
62.8%
Learned in a Math ClassroomPerpendicular
61%
Classic BiomesRainforest
59.8%
Four Letter ScienceVolt
57.5%
Elements, My Dear SporclerPlutonium
54.1%
Classic BiomesTundra
52.7%
Elements, My Dear SporclerZinc
44.1%
Learned in a Math ClassroomSlope
43.9%
Classic BiomesSavanna
41.7%
Classic BiomesTaiga
34.4%

You're not logged in!

Compare scores with friends on all Sporcle quizzes.
OR
Log In

Sporcle TV

Today on Sporcle TV


Watch our educational content, quiz creation guides, and fun videos on Sporcle TV.

Show Comments

Extras

Top Quizzes Today


Score Distribution

Your Account Isn't Verified!

In order to create a playlist on Sporcle, you need to verify the email address you used during registration. Go to your Sporcle Settings to finish the process.

Report this User

Report this user for behavior that violates our Community Guidelines.

Details: